00537nam a22001697a 450000500170000001000150001702000110003203500140004303700090005708200130006610000180007924500680009726000370016527001300020230000240033249000110035620250602120915.0 aENG-145084 c140.00 aEN-128616 bDBAD a230.221 aSai, Vasantha aThe Establishment of Prema:bGita Govindam Again/cVasantha Sai aTamil NadubMukthi Nilayamc2007 aRoyapalayam Village B.O. Tirumangalam S.O. Madurai-Virudhunagar Road, Madurai DtbTamil Nadue625706mmukthinilayam@gmail.com aii, 196p.c22cm(pb) vPart 2